Психолінгвістичні особливості вираження емотивного компоненту в англомовній рекламі "Coca-Cola" (Запис № 285036)
[ простий вигляд ]
| 000 -LEADER | |
|---|---|
| fixed length control field | 01563nam a22001577a 4500 |
| 041 ## - LANGUAGE CODE | |
| Language code of text/sound track or separate title | ukr |
| 080 ## - UNIVERSAL DECIMAL CLASSIFICATION NUMBER | |
| Universal Decimal Classification number | 09 |
| 090 ## - LOCALLY ASSIGNED LC-TYPE CALL NUMBER (OCLC); LOCAL CALL NUMBER (OCLC) | |
| Local cutter number (OCLC) ; Book number/undivided call number, CALL (RLIN) | ШЕЯ |
| 100 ## - MAIN ENTRY--PERSONAL NAME | |
| Personal name | Шеянова О.С. |
| 245 ## - TITLE STATEMENT | |
| Title | Психолінгвістичні особливості вираження емотивного компоненту в англомовній рекламі "Coca-Cola" |
| 260 ## - PUBLICATION, DISTRIBUTION, ETC. (IMPRINT) | |
| Place of publication, distribution, etc | Острог |
| Name of publisher, distributor, etc | КАФ |
| Date of publication, distribution, etc | 2013 |
| 300 ## - PHYSICAL DESCRIPTION | |
| Extent | 64 |
| 520 ## - SUMMARY, ETC. | |
| Summary, etc | Розділ 1. Психолінгвістичні особливості рекламного дискурсу.<br/>1.1. Функціонально-стильові особливості рекламного тексту.<br/>1.2. Психолінгвістичні особливості англомовної картини світу.<br/>Розділ 2. Лінгвокогнітивні особливості рекламного дискурсу (на прикладі реклами coca-cola)<br/>2.1. Семантичні особливості англомовної реклами.<br/>2.2. Лінгвостилістичні особливості реклами Coca-Cola.<br/>Розділ 3. Розвиток охорони праці в Україні.<br/>3.1. Основні етапи розвитку охорони праці.<br/>3.2. Основні положення Закону України "Про охорону праці".<br/>3.3. Сучасний етап охорони праці в Україні та за кордоном. |
| -- | Реклама, психолінгвістика, coca-cola |
| 650 ## - SUBJECT ADDED ENTRY--TOPICAL TERM | |
| Topical term or geographic name as entry element | Research Papers |
| 942 ## - ADDED ENTRY ELEMENTS (KOHA) | |
| Koha item type | Книги |
| Withdrawn status | Lost status | Source of classification or shelving scheme | Damaged status | Not for loan | Home library | Current library | Date acquired | Source of acquisition | Cost, normal purchase price | Total Checkouts | Full call number | Barcode | Date last seen | Price effective from | Koha item type |
|---|---|---|---|---|---|---|---|---|---|---|---|---|---|---|---|
| Universal Decimal Classification | ВІЛ - Відділ іноземн. літератури НБ | ВІЛ - Відділ іноземн. літератури НБ | 21/10/2013 | Акт №6 | 1.00 | 09 | 215177 | 10/11/2021 | 21/10/2013 | Книги |